Faculty of Law Library — Cairo University

Official Online Catalog

المرجع الأول في : (Record no. 52191)

MARC details
000 -LEADER
fixed length control field 01450nam a2200313 i 4500
003 - CONTROL NUMBER IDENTIFIER
control field EG-GICUC
005 - DATE AND TIME OF LATEST TRANSACTION
control field 20260121101533.0
008 - FIXED-LENGTH DATA ELEMENTS--GENERAL INFORMATION
fixed length control field 251223s1962 ua ||||fr|||| 00| 0 ara d
040 ## - CATALOGING SOURCE
Original cataloging agency EG-GICUC
Language of cataloging ara
Transcribing agency EG-GICUC
Modifying agency EG-GICUC
Description conventions rda
041 0# - LANGUAGE CODE
Language code of text/sound track or separate title ara
082 04 - DEWEY DECIMAL CLASSIFICATION NUMBER
Edition number 21
Classification number 345.6651
Item number ك ر . م
092 04 - LOCALLY ASSIGNED DEWEY CALL NUMBER (OCLC)
Edition number 21
099 ## - LOCAL FREE-TEXT CALL NUMBER (OCLC)
Classification number Law1 07 345.6651 ك ر . م 2 ed - 1962
100 0# - MAIN ENTRY--PERSONAL NAME
Personal name كرم صادق
Relator term مؤلف.
245 12 - TITLE STATEMENT
Title المرجع الأول في :
Remainder of title التحصيل والحجز الإداري /
Statement of responsibility, etc. كرم صادق.
250 ## - EDITION STATEMENT
Edition statement الطبعة الثانية مجدد تجديد شاملا
264 #3 - PRODUCTION, PUBLICATION, DISTRIBUTION, MANUFACTURE, AND COPYRIGHT NOTICE
Place of production, publication, distribution, manufacture القاهرة :
Name of producer, publisher, distributor, manufacturer مطبعة النجالة الجديدة،
Date of production, publication, distribution, manufacture, or copyright notice 1962.
300 ## - PHYSICAL DESCRIPTION
Extent 612 ؛ صفحة
Dimensions 24 سم.
336 ## - CONTENT TYPE
Source rda content
Content type term text
337 ## - MEDIA TYPE
Source rda media
Media type term Computer
338 ## - CARRIER TYPE
Source rda carrier
Carrier type term Online Resource
500 ## - GENERAL NOTE
General note شرح تفصيلي لكل مايتعلق بالتحصيل والحجز الإداري فى جميع المصالح الحكومية والمؤسسات العامة يرسى العلاقات المالية بين الدولة والمواطنين على قواعد جديدة بين العدالة الإشتراكية.
546 ## - LANGUAGE NOTE
Language note النص باللغة العربية
650 14 - SUBJECT ADDED ENTRY--TOPICAL TERM
Topical term or geographic name entry element الاجراءات الإدارية غي القضائية
650 14 - SUBJECT ADDED ENTRY--TOPICAL TERM
Topical term or geographic name entry element القانون الإداري
856 40 - ELECTRONIC LOCATION AND ACCESS
Uniform Resource Identifier <a href="https://fll.law.cu.edu.eg/fulltext/bks/B07-01515.pdf">https://fll.law.cu.edu.eg/fulltext/bks/B07-01515.pdf</a>
905 ## - Cataloger and Reviser Names
Cataloger Name: Roqaia Ahmed
942 ## - ADDED ENTRY ELEMENTS (KOHA)
Source of classification or shelving scheme Dewey Decimal Classification
Koha item type Books
Edition 21
Suppress in OPAC No
Holdings
Withdrawn status Lost status Source of classification or shelving scheme Damaged status Not for loan Collection Home library Current library Date acquired Total checkouts Full call number Barcode Date last seen Copy number Price effective from Koha item type
    Dewey Decimal Classification يحتاج إلى ترميم Not for loan القانون الإداري جــــامعة القــاهرة مكتبة كلية الحقوق - المبنى الرئيسي 23.12.2025   Law1 07 345.6651 ك ر . م 2 ed - 1962 0701515 C1 B07-01515 23.12.2025 1 23.12.2025 Books
    Dewey Decimal Classification يحتاج إلى ترميم   القانون الإداري جــــامعة القــاهرة مكتبة كلية الحقوق - المبنى الرئيسي 23.12.2025   Law1 07 345.6651 ك ر . م 2 ed - 1962 0701516 C2 B07-01516 23.12.2025 2 23.12.2025 Books
    Dewey Decimal Classification قيد الفهرسة   القانون الإداري جــــامعة القــاهرة مكتبة كلية الحقوق - فـرع الشيخ زايد 23.12.2025   Law2 07 345.6651 ك ر . م 2 ed - 1962 0701517 C3 B07-01517 23.12.2025 3 23.12.2025 Books

© All rights reserved — Faculty of Law, Cairo University